Claudio Suárez : historia de un guerrero /

保存先:
書誌詳細
第一著者: León Candiani, Enrique (autor)
フォーマット: 図書
言語:スペイン語
出版事項: Guadalajara, México : editorial no identificada, 2008, c2008
主題:
タグ: タグ追加
タグなし, このレコードへの初めてのタグを付けませんか!

MARC

LEADER 00000nam^a2200000^a^4500
001 000291299
005 20250521000000.0
009 20260310112034.345
020 |a 978-0-9815614-0-0 
037 |a Acervo ITESO - Biblioteca 
041 |a ESP 
082 |a 796. 3340972  |b LEO 
100 |a León Candiani, Enrique  |e (autor) 
245 1 0 |a Claudio Suárez :  |b historia de un guerrero /  |c E. León Candiani ; prelim. de Enrique Borja ; pról. de Gilberto Alcalá Pineda ; introd. de Jorge Pietrasanta. 
264 4 |a Guadalajara, México :  |b editorial no identificada,  |c 2008, c2008 
300 |a 145 p. 
336 |a texto  |b txt  |2 rdacontenido 
337 |a sin mediación  |b n  |2 rdamedio 
338 |a volumen  |b nc  |2 rdasoporte 
649 |a XX 
650 |a Deportistas Profesionales Mexicanos -  |x Biografías 
650 |a Deportistas Profesionales -  |z México 
650 |a Futbol -  |z México -  |x Historia -  |y Siglo XX 
650 |a Deportes -  |z México -  |x Historia -  |y Siglo XX 
650 |a Suárez Sánchez, Claudio -  |x Tema Principal 
910 |a Fondo General 
920 |a Impresos - Libros 
930 |a Colección General 
905 |a 101 
901 |a 0500175961  |b IT1  |c ACC  |u 20250521 
902 |a https://opac.biblio.iteso.mx/vufind/Record/000291299